[Event "AUTO-OPEN-4068"]
[Site "http://www.queenalice.com/game.php?id=1574545"]
[Date "2019.6.15"]
[Round "1"]
[White "yvanven2020victoria"]
[Black "NickThorp"]
[Result "0-1"]
[WhiteElo "1654"]
[BlackElo "1620"]

1. e4 e5 2. Nf3 Nc6 3. Bb5 a6 4. Ba4 b5 5. Bb3 Nf6 6. O-O Bc5 7. c3 O-O 8. d4
exd4 9. cxd4 Bb4 10. Bg5 h6 11. Bh4 Be7 12. e5 Ne4 13. Bxe7 Qxe7 14. Re1 Ng5 15.
Nxg5 Qxg5 16. Nc3 d6 17. Ne4 Qf4 18. g3 Qf5 19. Bd5 Bb7 20. Rc1 Nd8 21. Bxb7
Nxb7 22. Rxc7 d5 23. Nc3 Na5 24. Nxd5 Qe6 25. Qf3 Nc4 26. b3 Nd2 27. Ne7+ Kh8
28. Qc3 Nxb3 29. axb3 Rfe8 30. d5 Qb6 31. d6 Red8 32. Rc1 b4 0-1

[Event "AUTO-OPEN-4068"]
[Site "http://www.queenalice.com/game.php?id=1574546"]
[Date "2019.6.15"]
[Round "1"]
[White "NickThorp"]
[Black "yvanven2020victoria"]
[Result "0-1"]
[WhiteElo "1655"]
[BlackElo "2066"]

1. e4 c5 2. Nf3 d6 3. Bb5+ Bd7 4. Bxd7+ Qxd7 5. d3 g6 6. O-O Bg7 7. Nc3 Nc6 8.
Nd5 e6 9. Nc3 Nf6 10. Bg5 O-O 11. Nh4 d5 12. exd5 Nxd5 13. Nxd5 Qxd5 14. Be3 b6
15. c4 Qd8 16. Rb1 Qxh4 17. b3 Nd4 18. a4 a5 19. Qf3 Nxf3+ 20. gxf3 Rfd8 21.
Rfd1 Bd4 22. Bxd4 Rxd4 23. Kf1 Rad8 24. Ke2 Qxh2 25. Ke3 Qf4+ 26. Ke2 Qd6 27.
Kf1 Rxd3 28. Re1 Rd2 29. Kg2 Qd4 30. Re3 Qxe3 0-1

[Event "AUTO-INT-3441"]
[Site "http://www.queenalice.com/game.php?id=1574703"]
[Date "2019.6.17"]
[Round "1"]
[White "Danado"]
[Black "yvanven2020victoria"]
[Result "0-1"]
[WhiteElo "1642"]
[BlackElo "2066"]

1. e4 e6 2. d4 d5 3. exd5 exd5 4. a3 Nf6 5. Bg5 Be7 6. Bxf6 Bxf6 7. Nf3 Bg4 8.
Qe2+ Qe7 9. Qxe7+ Kxe7 10. Be2 Bxf3 11. Bxf3 Bxd4 12. c3 Bf6 13. Bxd5 c6 14. Bf3
Nd7 15. O-O Rhe8 16. Nd2 Rad8 17. Nc4 Nb6 18. Nxb6 axb6 19. Rae1+ Kd7 20. Rxe8
Rxe8 21. h3 Kc7 22. g3 Rd8 23. Be2 Rd2 24. Bc4 Rxb2 25. Bxf7 Bxc3 26. Rd1 Rd2
27. Rxd2 Bxd2 28. Kf1 b5 29. Ke2 Bc1 30. Kd3 Bxa3 31. Kc2 Kd6 32. Bg8 h6 33. g4
Ke5 34. Bh7 Kf4 35. Kd2 Kf3 36. Ke1 Bc5 37. Kf1 Bxf2 38. Bf5 c5 39. Bc8 b6 40.
Bb7+ Kg3 41. Bc6 b4 42. Bd5 Bd4 43. Be6 Kxh3 44. Ke2 Kg3 0-1

[Event "AUTO-INT-3441"]
[Site "http://www.queenalice.com/game.php?id=1574715"]
[Date "2019.6.17"]
[Round "1"]
[White "luiz_gustavo"]
[Black "yvanven2020victoria"]
[Result "1-0"]
[WhiteElo "1693"]
[BlackElo "1594"]

1. Nf3 d5 2. d4 Nf6 3. Nc3 e6 4. e3 c5 5. Bd2 Nc6 6. Bb5 Bd7 7. O-O Bd6 8. Re1
O-O 9. h3 Rc8 10. Qe2 cxd4 11. exd4 h6 12. Rac1 a6 13. Bxc6 Bxc6 14. Nd1 Ne4 15.
Ne3 Qb6 16. b3 Rfd8 17. c4 Nxd2 18. Nxd2 Bb4 19. c5 Qa5 20. Rc2 Bb5 21. Qd1 1-0

[Event "AUTO-INT-3441"]
[Site "http://www.queenalice.com/game.php?id=1574716"]
[Date "2019.6.17"]
[Round "1"]
[White "yvanven2020victoria"]
[Black "luiz_gustavo"]
[Result "0-1"]
[WhiteElo "1607"]
[BlackElo "1680"]

1. e4 e5 2. Nf3 Nc6 3. Bc4 h6 4. d4 exd4 5. Nxd4 Ne5 6. Be2 d6 7. O-O Nf6 8. Nc3
c5 9. Bb5+ Bd7 10. Bxd7+ Qxd7 11. Nf5 Nxe4 12. Nxe4 Qxf5 13. Nxd6+ Bxd6 14. Qxd6
Nd7 15. Re1+ Kd8 16. Bf4 Rc8 17. Bg3 Rc6 18. Qf4 Qxf4 19. Bxf4 g5 20. Bd2 Nf6
0-1

[Event "Let's Play Chess!"]
[Site "http://www.queenalice.com/game.php?id=1576609"]
[Date "2019.7.7"]
[Round "-"]
[White "yvanven2020victoria"]
[Black "ulisses34"]
[Result "0-1"]
[WhiteElo "2033"]
[BlackElo "1802"]

1. e4 d6 2. d4 c6 3. c4 a6 4. Nc3 Nf6 5. Bd3 e5 6. Nf3 exd4 7. Nxd4 c5 8. Nc2
Nc6 9. O-O Be7 10. Ne3 Nd4 11. Ned5 Nxd5 12. exd5 O-O 13. Be3 Nf5 14. Bf4 Nh4
15. Ne4 Bf6 16. Qc2 Nf5 17. Nxf6+ Qxf6 18. Bd2 Nd4 0-1

[Event "Let's Play Chess!"]
[Site "http://www.queenalice.com/game.php?id=1576611"]
[Date "2019.7.7"]
[Round "-"]
[White "yvanven2020victoria"]
[Black "ArmandoFerreira"]
[Result "0-1"]
[WhiteElo "1926"]
[BlackElo "2557"]

1. e4 c5 2. Nf3 e6 3. d4 cxd4 4. Nxd4 a6 5. Bd3 Qc7 6. Nc3 Nf6 7. O-O Bd6 8. h3
O-O 9. Be3 Be7 10. f4 d6 11. Nf3 b5 12. a3 Bb7 13. Qe1 Nbd7 14. Qf2 Rac8 0-1

[Event "Let's Play Chess!"]
[Site "http://www.queenalice.com/game.php?id=1576612"]
[Date "2019.7.7"]
[Round "-"]
[White "ArmandoFerreira"]
[Black "yvanven2020victoria"]
[Result "1-0"]
[WhiteElo "2556"]
[BlackElo "1926"]

1. d4 Nf6 2. c4 g6 3. Nc3 Bg7 4. e4 d6 5. h3 O-O 6. Nf3 Nc6 7. Be3 e5 8. d5 Ne7
9. Bd3 c6 10. O-O c5 11. Rb1 Nh5 12. b4 b6 13. bxc5 bxc5 14. Re1 1-0

[Event "AUTO-ADV-4201"]
[Site "http://www.queenalice.com/game.php?id=1576633"]
[Date "2019.7.7"]
[Round "1"]
[White "jlpbarreto"]
[Black "yvanven2020victoria"]
[Result "1-0"]
[WhiteElo "1919"]
[BlackElo "1582"]

1. g4 e5 2. Bg2 d5 3. d3 Bxg4 4. c4 Nf6 5. cxd5 Bd6 6. Qb3 Qc8 7. Nc3 O-O 8. Nb5
Na6 9. Bf3 Nc5 10. Qc2 Bxf3 11. Nxf3 1-0

[Event "AUTO-ADV-4201"]
[Site "http://www.queenalice.com/game.php?id=1576634"]
[Date "2019.7.7"]
[Round "1"]
[White "yvanven2020victoria"]
[Black "jlpbarreto"]
[Result "0-1"]
[WhiteElo "1579"]
[BlackElo "1922"]

1. e4 d5 2. exd5 Nf6 3. Nf3 Nxd5 4. d4 e6 5. Bd3 Bd6 6. O-O h6 7. c4 Nf6 8. Nc3
b6 9. Ne5 Bb7 10. f4 Bc8 11. Qf3 c6 12. Ne4 Be7 0-1

[Event "AUTO-ADV-4201"]
[Site "http://www.queenalice.com/game.php?id=1576647"]
[Date "2019.7.7"]
[Round "1"]
[White "mvson33"]
[Black "yvanven2020victoria"]
[Result "1-0"]
[WhiteElo "1716"]
[BlackElo "1886"]

1. Nf3 Nf6 2. d4 e6 3. Bg5 d5 4. e3 Nbd7 5. Be2 c5 6. O-O h6 7. Bh4 Be7 8. Bg3
Ne4 9. dxc5 Nxg3 10. hxg3 Bxc5 11. Nc3 O-O 12. Na4 Be7 13. Nc3 Nf6 14. Bd3 a6
15. Qe2 b5 16. a3 Bb7 17. Rfd1 Qc7 18. e4 dxe4 19. Nxe4 Nxe4 20. Bxe4 Bxe4 21.
Qxe4 Bf6 22. c3 1-0

[Event "AUTO-ADV-4201"]
[Site "http://www.queenalice.com/game.php?id=1576648"]
[Date "2019.7.7"]
[Round "1"]
[White "yvanven2020victoria"]
[Black "mvson33"]
[Result "0-1"]
[WhiteElo "1926"]
[BlackElo "1691"]

1. e4 c6 2. d4 d5 3. Nc3 dxe4 4. Nxe4 Bf5 5. Ng3 Bg6 6. Nf3 Nf6 7. Ne5 Nbd7 8.
Nxg6 hxg6 9. Bc4 e6 10. O-O Qc7 11. Qd3 Bd6 12. a4 O-O-O 13. c3 Nh5 14. b4 Rh7
15. Re1 Rdh8 16. Nf1 Ndf6 17. h3 Nf4 18. Bxf4 Bxf4 19. b5 Bh2+ 20. Nxh2 g5 21.
f3 Qg3 22. Nf1 Qd6 23. bxc6 Qxc6 0-1

[Event "AUTO-ADV-4201"]
[Site "http://www.queenalice.com/game.php?id=1576657"]
[Date "2019.7.7"]
[Round "1"]
[White "yvanven2020victoria"]
[Black "ulisses67"]
[Result "0-1"]
[WhiteElo "1817"]
[BlackElo "1560"]

1. e4 e5 2. Nf3 Nc6 3. Bc4 Nf6 4. Ng5 d5 5. exd5 Nxd5 6. Nxf7 Kxf7 7. Qf3+ Ke8
8. Bxd5 Ne7 9. Qf7+ Kd7 10. Nc3 c6 0-1

[Event "AUTO-OPEN-4075"]
[Site "http://www.queenalice.com/game.php?id=1576903"]
[Date "2019.7.10"]
[Round "1"]
[White "Sigmund"]
[Black "yvanven2020victoria"]
[Result "1-0"]
[WhiteElo "1816"]
[BlackElo "1684"]

1. d4 Nf6 2. Nf3 g6 3. Nc3 Bg7 4. e4 d6 5. Bf4 O-O 6. e5 Ne8 7. Bd3 Nc6 8. O-O
Bg4 9. h3 Bxf3 10. Qxf3 Nxd4 11. Qe4 1-0

[Event "AUTO-OPEN-4075"]
[Site "http://www.queenalice.com/game.php?id=1576904"]
[Date "2019.7.10"]
[Round "1"]
[White "yvanven2020victoria"]
[Black "Sigmund"]
[Result "0-1"]
[WhiteElo "1696"]
[BlackElo "1804"]

1. e4 e5 2. Nf3 d6 3. d4 Nd7 4. Bc4 h6 5. O-O Ngf6 6. Nc3 Be7 7. Be3 O-O 8. h3
Nb6 9. Bb3 Nbd7 10. Qd2 Nh5 0-1

[Event "AUTO-OPEN-4075"]
[Site "http://www.queenalice.com/game.php?id=1576924"]
[Date "2019.7.10"]
[Round "1"]
[White "yvanven2020victoria"]
[Black "Alex_ac"]
[Result "0-1"]
[WhiteElo "1705"]
[BlackElo "1877"]

1. e4 g6 2. d4 e6 3. Nf3 Bg7 4. Nc3 a6 5. Be3 d5 6. e5 Nc6 7. Be2 Nge7 8. O-O
O-O 9. Bg5 Qd7 10. Qd2 Nf5 0-1